[Event "CZE-chT1W 1819"]
[Site "Czech Republic"]
[Date "2019.04.07"]
[Round "11.7"]
[White "Sykora, Petr"]
[Black "Folk, Petr"]
[Result "1/2-1/2"]
[WhiteElo "1914"]
[BlackElo "2167"]
[PlyCount "35"]
[EventDate "2018.10.21"]
[EventType "team-tourn"]
[EventRounds "11"]
[EventCountry "CZE"]
[SourceTitle "CBM 189 Extra"]
[Source "ChessBase"]
[SourceDate "2019.05.31"]
[SourceVersion "1"]
[SourceVersionDate "2019.05.31"]
[SourceQuality "1"]
[WhiteTeam "Praha Dukla"]
[BlackTeam "Kozolupy"]
[WhiteTeamCountry "CZE"]
[BlackTeamCountry "CZE"]

1. c4 g6 2. g3 Bg7 3. Bg2 Nf6 4. Nc3 0-0 5. Nf3 d6 6. 0-0 e5 7. d3 Nc6 8. Bg5 h6 9. Bxf6 Bxf6 10. Nd2 Bg7 11. b4 Nxb4 12. Rb1 Na6 13. Rxb7 Bxb7 14. Bxb7 Nc5 15. Bxa8 Qxa8 16. Nb3 Ne6 17. Qc1 f5 18. Qa3 1/2-1/2

[Event "Vsetin op 40th"]
[Site "Vsetin"]
[Date "2015.07.11"]
[Round "9"]
[White "Sykora, Petr"]
[Black "Krutina, Ivan"]
[Result "1/2-1/2"]
[WhiteElo "1905"]
[BlackElo "1990"]
[PlyCount "33"]
[EventDate "2015.07.04"]
[EventType "swiss"]
[EventRounds "9"]
[EventCountry "CZE"]
[SourceTitle "CBM 167 Extra"]
[Source "ChessBase"]
[SourceDate "2015.09.14"]
[SourceVersion "1"]
[SourceVersionDate "2015.09.14"]
[SourceQuality "1"]

1. d4 d5 2. c4 dxc4 3. g3 e5 4. dxe5 Qxd1+ 5. Kxd1 Nc6 6. Nf3 Bg4 7. Bg2 0-0-0+ 8. Ke1 Bxf3 9. Bxf3 Nxe5 10. Bg2 Bb4+ 11. Bd2 a5 12. a3 Bxd2+ 13. Nxd2 b5 14. f4 Ng4 15. Bh3 N8f6 16. a4 b4 17. Nxc4 1/2-1/2

[Event "CZE-chT2B 1213"]
[Site "Czech Republic"]
[Date "2012.12.02"]
[Round "4.7"]
[White "Sykora, Petr"]
[Black "Balin, Kamil"]
[Result "1/2-1/2"]
[WhiteElo "1964"]
[BlackElo "2054"]
[PlyCount "35"]
[EventDate "2012.10.14"]
[EventType "team-tourn"]
[EventRounds "11"]
[EventCountry "CZE"]
[SourceTitle "EXT 2015"]
[Source "ChessBase"]
[SourceDate "2014.11.20"]
[SourceVersion "1"]
[SourceVersionDate "2014.11.20"]
[SourceQuality "1"]
[WhiteTeam "Praha Dukla"]
[BlackTeam "Usti nad Labem"]
[WhiteTeamCountry "CZE"]
[BlackTeamCountry "CZE"]

1. c4 Nf6 2. g3 e6 3. Bg2 d5 4. Nf3 Be7 5. 0-0 0-0 6. b3 c5 7. Na3 Nc6 8. Bb2 d4 9. Nc2 e5 10. d3 Ne8 11. b4 cxb4 12. e3 dxe3 13. Nxe3 f6 14. Qb3 Na5 15. Qc2 Be6 16. d4 Rc8 17. dxe5 Nxc4 18. Qb3 1/2-1/2

[Event "CZE-chT2B 1213"]
[Site "Czech Republic"]
[Date "2012.10.14"]
[Round "1.7"]
[White "Hosticka, Frantisek"]
[Black "Sykora, Petr"]
[Result "1/2-1/2"]
[WhiteElo "2228"]
[BlackElo "1964"]
[PlyCount "42"]
[EventDate "2012.10.14"]
[EventType "team-tourn"]
[EventRounds "11"]
[EventCountry "CZE"]
[SourceTitle "EXT 2015"]
[Source "ChessBase"]
[SourceDate "2014.11.20"]
[SourceVersion "1"]
[SourceVersionDate "2014.11.20"]
[SourceQuality "1"]
[WhiteTeam "Lysa nad Labem III"]
[BlackTeam "Praha Dukla"]
[WhiteTeamCountry "CZE"]
[BlackTeamCountry "CZE"]

1. e4 d6 2. Bc4 Nf6 3. d3 g6 4. Nf3 Bg7 5. 0-0 0-0 6. Bb3 c5 7. c3 Nc6 8. Re1 Bg4 9. h3 Bxf3 10. Qxf3 c4 11. Bxc4 Ne5 12. Qe2 Nxc4 13. dxc4 Rc8 14. Bf4 Nd7 15. Nd2 Qc7 16. Qe3 Qc5 17. Qxc5 Nxc5 18. Be3 Nd3 19. Reb1 b6 20. Kf1 f5 21. exf5 Rxf5 1/2-1/2

[Event "CZE-chT2A 1112"]
[Site "Czech Republic"]
[Date "2011.12.04"]
[Round "4"]
[White "Sykora, Petr"]
[Black "Muzikar, Jan"]
[Result "0-1"]
[WhiteElo "2003"]
[BlackElo "2072"]
[PlyCount "63"]
[EventDate "2011.10.09"]
[EventType "team-tourn"]
[EventRounds "11"]
[EventCountry "CZE"]
[SourceTitle "EXT 2013"]
[Source "ChessBase"]
[SourceDate "2012.11.22"]
[SourceVersion "1"]
[SourceVersionDate "2012.11.22"]
[SourceQuality "1"]
[WhiteTeam "Praha Dukla"]
[BlackTeam "Cesky Krumlov"]
[WhiteTeamCountry "CZE"]
[BlackTeamCountry "CZE"]

1. c4 c5 2. Nf3 Nf6 3. g3 d5 4. cxd5 Nxd5 5. Bg2 Nc6 6. 0-0 e6 7. Nc3 Be7 8. d4 Nxc3 9. bxc3 0-0 10. Rb1 Bf6 11. Ba3 Be7 12. Bxc5 Bxc5 13. dxc5 Qa5 14. Nd4 Ne5 15. c6 Rb8 16. Rb5 Qc7 17. Qb3 b6 18. f4 Ng6 19. Qa3 a6 20. Rh5 Ne7 21. c4 Rd8 22. e3 Nf5 23. Be4 g6 24. Bxf5 gxh5 25. Be4 e5 26. fxe5 Qxe5 27. Bd5 Rf8 28. Qd3 Bh3 29. Rf4 Rbe8 30. Re4 Bf5 31. Nxf5 Qxf5 32. c7 0-1

[Event "CZE-chT2B 1011"]
[Site "Czech Republic"]
[Date "2011.03.06"]
[Round "9.8"]
[White "Sykora, Petr"]
[Black "Mrnka, Jan"]
[Result "0-1"]
[WhiteElo "2036"]
[BlackElo "2098"]
[PlyCount "136"]
[EventDate "2010.10.17"]
[EventType "team-tourn"]
[EventRounds "11"]
[EventCountry "CZE"]
[SourceTitle "EXT 2012"]
[Source "ChessBase"]
[SourceDate "2011.11.24"]
[SourceVersion "1"]
[SourceVersionDate "2011.11.24"]
[SourceQuality "1"]
[WhiteTeam "Praha Dukla"]
[BlackTeam "Marty Most"]
[WhiteTeamCountry "CZE"]
[BlackTeamCountry "CZE"]

1. c4 d5 2. g3 Nf6 3. Bg2 e5 4. Nf3 e4 5. Nd4 c5 6. Nc2 d4 7. 0-0 Bf5 8. d3 h6 9. b4 Nc6 10. Bb2 Be7 11. bxc5 Bxc5 12. Nd2 exd3 13. exd3 0-0 14. Nb3 Bb6 15. c5 Bc7 16. Nbxd4 Bg4 17. Nxc6 Bxd1 18. Nxd8 Bxc2 19. Bxf6 gxf6 20. Nxb7 Bxd3 21. Rfd1 Be5 22. Rac1 Bb2 23. c6 Bxc1 24. Rxd3 Bb2 25. Rd7 Rae8 26. Bd5 Be5 27. Kg2 Rc8 28. Nc5 Bc7 29. Ne4 f5 30. Nf6+ Kg7 31. Nh5+ Kg6 32. Nf4+ Bxf4 33. gxf4 Rcd8 34. Bxf7+ Kf6 35. Bd5 Rxd7 36. cxd7 Ke7 37. Bc4 Rb8 38. a4 Rb6 39. Bd3 Rf6 40. a5 Kxd7 41. a6 Ke6 42. Kf3 Rg6 43. Bc4+ Kf6 44. Be2 Rg1 45. Bc4 Ra1 46. Be2 Ra3+ 47. Kg2 Ke6 48. Bf1 Kd5 49. f3 Kd4 50. Kg3 Ke3 51. Bb5 Ra1 52. Bd7 Rg1+ 53. Kh3 Kxf4 54. Bc6 Rc1 55. Bb7 Rc2 56. Bc8 Rf2 57. Bb7 Rxf3+ 58. Kg2 Ra3 59. Bc8 Kg4 60. Bb7 Ra2+ 61. Kg1 f4 62. Bc8+ Kf3 63. Bb7+ Ke3 64. Bd5 Rb2 65. h4 f3 66. Bc4 f2+ 67. Kg2 Rb1 68. Bf1 Rxf1 0-1

[Event "CZE-chT2B 1011"]
[Site "Czech Republic"]
[Date "2010.12.05"]
[Round "4.8"]
[White "Bayer, Radek"]
[Black "Sykora, Petr"]
[Result "1/2-1/2"]
[WhiteElo "2049"]
[BlackElo "2036"]
[PlyCount "32"]
[EventDate "2010.10.17"]
[EventType "team-tourn"]
[EventRounds "11"]
[EventCountry "CZE"]
[SourceTitle "EXT 2012"]
[Source "ChessBase"]
[SourceDate "2011.11.24"]
[SourceVersion "1"]
[SourceVersionDate "2011.11.24"]
[SourceQuality "1"]
[WhiteTeam "Teplice"]
[BlackTeam "Praha Dukla"]
[WhiteTeamCountry "CZE"]
[BlackTeamCountry "CZE"]

1. e4 d6 2. d4 g6 3. Be3 Nf6 4. f3 c6 5. Qd2 Qc7 6. Nc3 b5 7. a4 b4 8. Nd1 e5 9. dxe5 dxe5 10. b3 Nbd7 11. Nb2 Rb8 12. Rd1 Be7 13. Bc4 0-0 14. Nh3 Nb6 15. Nf2 Nxc4 16. Nxc4 Be6 1/2-1/2

[Event "Tabor op"]
[Site "Tabor"]
[Date "2010.08.04"]
[Round "5"]
[White "Sykora, Petr"]
[Black "Prochazka, Pavel"]
[Result "0-1"]
[WhiteElo "2079"]
[BlackElo "1774"]
[PlyCount "78"]
[EventDate "2010.08.01"]
[EventType "swiss"]
[EventRounds "9"]
[EventCountry "CZE"]
[SourceTitle "EXT 2012"]
[Source "ChessBase"]
[SourceDate "2011.11.24"]
[SourceVersion "1"]
[SourceVersionDate "2011.11.24"]
[SourceQuality "1"]

1. c4 c6 2. g3 d5 3. Bg2 Nf6 4. Nf3 Bf5 5. 0-0 e6 6. d3 Be7 7. Nc3 Nbd7 8. b3 h6 9. Bb2 0-0 10. Re1 Qb6 11. Qd2 Rad8 12. e4 dxe4 13. Nxe4 Nxe4 14. dxe4 Bg4 15. Qd4 Qxd4 16. Nxd4 Bb4 17. Rf1 e5 18. Nc2 Be7 19. Ne3 Bh5 20. Bc3 Bc5 21. Nc2 Bb6 22. Rae1 f6 23. b4 a6 24. c5 Ba7 25. a4 b6 26. b5 Nxc5 27. bxc6 Rd3 28. Bb4 Rc8 29. Bxc5 bxc5 30. Rb1 c4 31. Bh3 Rxc6 32. Nb4 Rcd6 33. Nd5 R6xd5 34. Be6+ Kh7 35. Bxd5 c3 36. Rb7 c2 37. Rxa7 Be2 38. Rc7 Rd1 39. Rxc2 Bxf1 0-1

[Event "CZE-chT2A 0809"]
[Site "Czech Republic"]
[Date "2009.04.05"]
[Round "11.8"]
[White "Sykora, Petr"]
[Black "Lnenicka, Petr"]
[Result "1-0"]
[WhiteElo "2054"]
[BlackElo "1727"]
[PlyCount "47"]
[EventDate "2008.10.12"]
[EventType "tourn"]
[EventRounds "11"]
[EventCountry "CZE"]
[SourceTitle "EXT 2010"]
[Source "ChessBase"]
[SourceDate "2010.11.25"]
[SourceVersion "1"]
[SourceVersionDate "2010.11.25"]
[SourceQuality "1"]
[WhiteTeam "Kozolupy"]
[BlackTeam "Praha Dukla"]
[WhiteTeamCountry "CZE"]
[BlackTeamCountry "CZE"]

1. c4 Nf6 2. g3 g6 3. Bg2 Bg7 4. Nf3 0-0 5. 0-0 d6 6. Nc3 c5 7. d4 Nc6 8. dxc5 dxc5 9. Qa4 Qb6 10. Be3 Bd7 11. Qa3 Nd4 12. Nxd4 cxd4 13. c5 Qc7 14. Bxd4 e5 15. Be3 Ng4 16. Nd5 Qd8 17. c6 bxc6 18. Ne7+ Kh8 19. Bc5 Re8 20. Rfd1 Qc7 21. Rxd7 Qxd7 22. Bxc6 Qd2 23. Bxa8 Rxa8 24. Qf3 1-0

[Event "SVK-ch op-A"]
[Site "Banska Stiavnica"]
[Date "2007.07.11"]
[Round "5.38"]
[White "Sykora, Petr"]
[Black "Djubek, Boris"]
[Result "1/2-1/2"]
[WhiteElo "2045"]
[BlackElo "2157"]
[PlyCount "47"]
[EventDate "2007.07.07"]
[EventType "swiss"]
[EventRounds "9"]
[EventCountry "SVK"]
[SourceTitle "EXT 2010"]
[Source "ChessBase"]
[SourceDate "2010.11.25"]
[SourceVersion "1"]
[SourceVersionDate "2010.11.25"]
[SourceQuality "1"]

1. c4 c5 2. g3 Nc6 3. Bg2 g6 4. Nf3 Bg7 5. 0-0 e6 6. Nc3 Nge7 7. d4 cxd4 8. Nb5 0-0 9. Nfxd4 Nxd4 10. Nxd4 Qb6 11. Nb3 d6 12. Qd3 Qa6 13. Rd1 d5 14. cxd5 Qxd3 15. Rxd3 Nxd5 16. Bxd5 exd5 17. Nd4 Bd7 18. Bd2 Rac8 19. Bc3 Rfe8 20. e3 b6 21. Rd2 Bxd4 22. Rxd4 Be6 23. Rd3 Rc6 24. Rad1 1/2-1/2

[Event "CZE-chT1W 0607"]
[Site "Czech Republic"]
[Date "2006.11.26"]
[Round "3.7"]
[White "Pick, Stepan"]
[Black "Sykora, Petr"]
[Result "1-0"]
[WhiteElo "2173"]
[BlackElo "2055"]
[PlyCount "93"]
[EventDate "2006.10.29"]
[EventType "team-tourn"]
[EventRounds "11"]
[EventCountry "CZE"]
[SourceTitle "EXT 2009"]
[Source "ChessBase"]
[SourceDate "2008.11.26"]
[SourceVersion "1"]
[SourceVersionDate "2008.11.26"]
[SourceQuality "1"]
[WhiteTeam "Praha Pankrac"]
[BlackTeam "Praha Dukla"]
[WhiteTeamCountry "CZE"]
[BlackTeamCountry "CZE"]

1. Nf3 g6 2. d4 Bg7 3. c4 Nf6 4. Nc3 0-0 5. e4 d6 6. Be2 Bg4 7. Be3 Nc6 8. Ng1 Bc8 9. d5 Ne5 10. h3 c5 11. Qd2 Qa5 12. f4 Ned7 13. g4 Ne8 14. h4 e6 15. dxe6 fxe6 16. h5 g5 17. Nh3 gxf4 18. Nxf4 Ne5 19. h6 Bh8 20. 0-0-0 b5 21. Rdf1 b4 22. Ncd5 Rf7 23. Kb1 exd5 24. exd5 Nf6 25. Ne6 Ne4 26. Qc2 Nc3+ 27. bxc3 bxc3 28. Rxf7 Nxf7 29. Ka1 Rb8 30. Rb1 Rb4 31. Rxb4 cxb4 32. Bd4 Bxd4 33. Nxd4 Qc5 34. Qe4 Ne5 35. Bd3 Qc7 36. Ne6 Bxe6 37. dxe6 Ng6 38. Qd5 Qe7 39. Bxg6 hxg6 40. g5 a5 41. Kb1 a4 42. Kc2 Kh7 43. Qd4 Qb7 44. Qd5 Qb6 45. Qf3 Qd4 46. Qf7+ Kh8 47. Qf6+ 1-0

[Event "Klatovy op-A"]
[Site "Klatovy"]
[Date "2004.07.06"]
[Round "4"]
[White "Stluka, Frantisek"]
[Black "Sykora, Petr"]
[Result "1/2-1/2"]
[WhiteElo "2130"]
[BlackElo "2069"]
[PlyCount "82"]
[EventDate "2004.07.03"]
[EventType "swiss"]
[EventRounds "9"]
[EventCountry "CZE"]
[SourceTitle "CBM 101 Extra"]
[Source "ChessBase"]
[SourceDate "2004.09.01"]
[SourceVersion "2"]
[SourceVersionDate "2004.09.01"]
[SourceQuality "1"]

1. d4 g6 2. c4 Nf6 3. Nc3 Bg7 4. e4 d6 5. f4 0-0 6. Nf3 c5 7. d5 b5 8. cxb5 a6 9. a4 axb5 10. Bxb5 Ba6 11. Qe2 Qa5 12. 0-0 Bxb5 13. Nxb5 Qb4 14. Nc3 e6 15. dxe6 fxe6 16. Rd1 Nc6 17. Rxd6 Nd4 18. Nxd4 cxd4 19. Nb5 d3 20. Rxd3 Nxe4 21. Nc3 Nc5 22. Rd1 Rae8 23. Be3 e5 24. Nd5 Qe4 25. Qb5 Ne6 26. fxe5 Bxe5 27. Qb3 Qh4 28. g3 Bxg3 29. hxg3 Qxg3+ 30. Kh1 Rf2 31. Nf6+ Kf7 32. Bxf2 Qxb3 33. Nxe8 Qf3+ 34. Kg1 Nf4 35. Bd4 Kg8 36. Rd2 Nh3+ 37. Kh2 Qf4+ 38. Kxh3 Qxd2 39. Nf6+ Kf7 40. Bc3 Qe3+ 41. Kg2 Qe2+ 1/2-1/2

[Event "Klatovy op-A"]
[Site "Klatovy"]
[Date "2004.07.03"]
[Round "1"]
[White "Sykora, Petr"]
[Black "Maly, Antonin"]
[Result "1-0"]
[WhiteElo "2069"]
[BlackElo "1982"]
[PlyCount "71"]
[EventDate "2004.07.03"]
[EventType "swiss"]
[EventRounds "9"]
[EventCountry "CZE"]
[SourceTitle "CBM 101 Extra"]
[Source "ChessBase"]
[SourceDate "2004.09.01"]
[SourceVersion "2"]
[SourceVersionDate "2004.09.01"]
[SourceQuality "1"]

1. c4 Nf6 2. g3 e6 3. Bg2 d5 4. Nf3 Be7 5. 0-0 0-0 6. d3 Nbd7 7. Nc3 c6 8. Qc2 Nb6 9. Rd1 Bd7 10. b3 Rc8 11. e4 Na8 12. Bg5 Nc7 13. d4 b5 14. e5 Nfe8 15. Bxe7 Qxe7 16. c5 b4 17. Nb1 f6 18. a3 bxa3 19. Nc3 fxe5 20. Nxe5 Rf5 21. Re1 Nf6 22. Rxa3 a6 23. Raa1 Be8 24. Nxc6 Qf8 25. Ne7+ Qxe7 26. Qxf5 Bg6 27. Qe5 Qf7 28. Bh3 Ne4 29. Nxe4 Bxe4 30. Rxe4 dxe4 31. d5 Rf8 32. Bxe6 Nxe6 33. Qxe6 Qxe6 34. dxe6 Rc8 35. Rxa6 Rxc5 36. Ra8+ 1-0

[Event "CZE-chT2J 0203"]
[Site "Czech Republic"]
[Date "2003.??.??"]
[Round "8"]
[White "Chalus, Karel"]
[Black "Sykora, Petr"]
[Result "1-0"]
[WhiteElo "2119"]
[BlackElo "2066"]
[PlyCount "77"]
[EventDate "2002.10.??"]
[EventType "team-tourn"]
[EventRounds "11"]
[EventCountry "CZE"]
[SourceTitle "EXT 2007"]
[Source "ChessBase"]
[SourceDate "2006.11.23"]
[SourceVersion "1"]
[SourceVersionDate "2006.11.23"]
[SourceQuality "1"]

1. e4 d6 2. d4 Nf6 3. Nc3 g6 4. Nf3 Bg7 5. Bc4 0-0 6. Bb3 Nc6 7. a3 Bg4 8. Be3 e5 9. d5 Nd4 10. h3 Bxf3 11. gxf3 Nh5 12. h4 Qf6 13. Rh3 a6 14. Bg5 Nf4 15. Rg3 h6 16. Bxf6 Bxf6 17. Bc4 Bxh4 18. Ne2 b5 19. Nxf4 exf4 20. Rh3 Bf6 21. Bd3 Rfe8 22. Kf1 c5 23. c3 c4 24. cxd4 cxd3 25. Qxd3 Rac8 26. Rxh6 Kg7 27. Rh1 Rc4 28. Rd1 Rec8 29. Kg2 Rc2 30. Rd2 R2c4 31. Re1 Re8 32. b3 Rcc8 33. Rc2 Rcd8 34. Rc6 Rh8 35. Rh1 Bh4 36. e5 Rh5 37. Rxd6 Rc8 38. Rc6 Rch8 39. d6 1-0

[Event "Prague-ch"]
[Site "Prague"]
[Date "2003.??.??"]
[Round "1"]
[White "Jansa, Vaclav"]
[Black "Sykora, Petr"]
[Result "1/2-1/2"]
[WhiteElo "2145"]
[BlackElo "2066"]
[PlyCount "114"]
[EventDate "2003.??.??"]
[EventType "swiss"]
[EventRounds "7"]
[EventCountry "CZE"]
[SourceTitle "EXT 2007"]
[Source "ChessBase"]
[SourceDate "2006.11.23"]
[SourceVersion "1"]
[SourceVersionDate "2006.11.23"]
[SourceQuality "1"]

1. e4 d6 2. d4 Nf6 3. Nc3 g6 4. Nf3 Bg7 5. Bg5 0-0 6. Qd2 c6 7. Bh6 Qc7 8. h4 Bg4 9. Be2 Nbd7 10. Bxg7 Kxg7 11. 0-0-0 b5 12. Bd3 b4 13. Ne2 c5 14. c3 Bxf3 15. gxf3 cxd4 16. Nxd4 Ne5 17. Bc2 bxc3 18. Qxc3 Qxc3 19. bxc3 Rfc8 20. Ne2 Rc5 21. Rh3 Rac8 22. Rd4 Nc4 23. Bb3 h5 24. Rxc4 Rxc4 25. Bxc4 Rxc4 26. Kb2 Nd7 27. Kb3 Rc6 28. Rh1 Rb6+ 29. Kc2 Ne5 30. Nd4 Nc4 31. Nb3 a5 32. a4 Kf6 33. Rd1 e5 34. Rd5 g5 35. hxg5+ Kxg5 36. Nxa5 Nxa5 37. Rxa5 Kf4 38. Ra7 Kxf3 39. Rxf7+ Kxe4 40. Rh7 Kf3 41. Rxh5 Kxf2 42. Kd3 Ra6 43. Rf5+ Kg3 44. Rf6 Rxa4 45. Rxd6 Kf3 46. Rf6+ Rf4 47. Re6 e4+ 48. Kd2 Rf7 49. c4 Rd7+ 50. Ke1 Rc7 51. Rf6+ Ke3 52. Ra6 Rxc4 53. Ra3+ Kf4 54. Ke2 Rb4 55. Ra1 Rb2+ 56. Kf1 e3 57. Ra8 Rb1+ 1/2-1/2